banner-ar

SOCIAL PSYCHOLOGY 5TH ED / (Record no. 24092)

MARC details
000 -الفاتح
حقل البيانات ثابتة الطول 00526nam a2200193Ia 4500
008 - عناصر البيانات ثابتة الطول - معلومات عامة
حقل البيانات ثابتة الطول 140319s9999 xx 000 0 eng d
040 ## - مصدر الفهرسة
وكالة الفهرسة الأصلية GCL /
وكالة النسخ GCL
082 04 - رقم تصنيف ديوى العشرى
رقم التصنيف 302
رقم المادة W S
100 1# - المدخل الرئيسى - إسم شخصى
الإسم الشخصى WIGGINS, JAMES A.
245 10 - بيان العنوان
العنوان SOCIAL PSYCHOLOGY 5TH ED /
بيان المسئوليه,etc WIGGINS, JAMES A.
700 1# - المدخل الاضافى - اسم شخصى
الإسم الشخصى WIGGINS, BEVERLY B.
700 1# - المدخل الاضافى - اسم شخصى
الإسم الشخصى ZONDEN, JAMES V.
260 ## - PUBLICATION, DISTRIBUTION, ETC. (IMPRINT)
تاريخ النشر أو التوزيع 1994
650 04 - المدخل الاضافى بالموضوع-مصطلح موضوعى
مصطلح موضوعي الحضارة الفرعونية
650 04 - المدخل الاضافى بالموضوع-مصطلح موضوعى
مصطلح موضوعي SOCIALIZATION
650 04 - المدخل الاضافى بالموضوع-مصطلح موضوعى
مصطلح موضوعي NEGOTIATION
942 ## - عناصر المدخل الإضافي( كوها)
مصدر التصنيف او مخطط الترفيف Dewey Decimal Classification
Koha [default] item type كتاب
260 ## - PUBLICATION, DISTRIBUTION, ETC. (IMPRINT)
-- [S.N] :
-- MC GRAW - HILL ،
Holdings
حالة التراجع حالة الفقد حالة تلف ليس للاعارة المكان المؤقت الموقع الحالى تاريخ الاكتساب اجمالي اﻻعارات رقم الطلب الباركود تاريخ اخر مشاهدة تاريخ تفعيل السعر نوع وعاء كوها
        مكتبة القاهرة الكبرى مكتبة القاهرة الكبرى 03/26/2014   302\W S 42865 03/26/2014 03/26/2014 كتاب

Powered By

EGPV